MCU Characters with multiple actors - Statistics

General Stats
  • This quiz has been taken 69 times
  • The average score is 3 of 7
Answer Stats
Answer % Correct
Hulk
100%
James "Rhodey" Rhodes
48%
Thanos
33%
Red Skull
25%
Howard Stark
21%
Cassie Lang
12%
Fandral
12%
No matching quizzes found
Score Distribution
Percent of People with Each Score
Percentile by Number Answered
Your Score History
You have not taken this quiz